U.S. Cities By Picture (Easy) - Statistics

General Stats
  • This quiz has been taken 62 times
  • The average score is 8 of 12
Answer Stats
Picture Answer % Correct
New York City
96%
Los Angeles
93%
San Francisco
91%
Washington D.C.
87%
Philadelphia
65%
Boston
56%
Chicago
55%
Seattle
55%
Denver
49%
Atlanta
47%
Detroit
36%
Dallas
33%
No matching quizzes found
Score Distribution
Percent of People with Each Score
Percentile by Number Answered
Your Score History
You have not taken this quiz